00717 2200205 4500001002100000005001700021008004100038035002400079040001200103082000800115090001700123100002500140245009400165260011700259300004200376500001600418504003000434650002900464990001800493YOGYA-0113000000031820130107113543.0 ind  0010-011300000000318 aYOPDYOG a361 aSK 361 Sep A aSEPTI YULIANTI LAELA aAnalisis biaya dan manfaat sosial kebijakan penataan sektor informal/Septi Yulianti Laela aYogyakartabJurusan Ilmu Administrasi Negara Fakultas Ilmu Sosial dan Ilmu Politik Universitas Gadjah Madac2002 aXIV, 125, (47) lbrbilus, lampc29 cm aSkripsi UGM aBibliografi (lbr.126-128) aKesejahteraan masyarakat a42567-PD/A.12